00506 2200193 4500245007100000020002200071250001100093100001300104700002100117700001300138650001800151650003200169005001900201260003300220041001400253084001000267300002600277336000900303 aKewirausahaan b : (Penanaman Jiwa Kewirausahaan)cDaryantohText a978-602-7869-17-2 aCet. 1 aDaryanto aAris Dwi Cahyono aTastrial aKewirausahaan aSukses Pribadi dalam Bisnis a20230306114309 aYogyakartabGava Mediac2013 aIndonesia a650.1 ax, 222 hlm. :c23 cm. atext